| 000 | 01207nam a2200229Ia 4500 | ||
|---|---|---|---|
| 001 | L250-16303 | ||
| 003 | IT-CnALBA | ||
| 008 | 170116s9999||||xx |||||||||||||| ||und|| | ||
| 040 |
_aIT-CnALBA _cIT-CnALBA |
||
| 041 | _aFRANCESE | ||
| 100 | _aJORDAN DOMINIQUE. | ||
| 245 | 0 | _aMARIAGE: ANNEE ZERO. | |
| 250 | _a1a ed. | ||
| 260 |
_a PARIS _bFAMILIALES EDITIONS DE FRANCE _c1954 [1° Ed.:1954 - Ed.Ling.Originale: 1954] |
||
| 300 | _a190 p. (prefazione: 7) | ||
| 500 | _aCONSIGLI DI VITA CONIUGALE. IL PRIMO ANNO DI MATRIMONIO. L'AMORE È CIECO, GLI SPOSI NO. AMORE E RAGIONEVOLEZZA. DIFETTI CHE SI ACCORPORANO E BUONE QUALITÀ CHE SI RESPINGONO. URAGANI FUTURI ANNUNCIATI DA PICCOLE NUVOLE. FORME DI EGOISMO. SENSO DEL MATRIMON | ||
| 501 | _aSocietà San Paolo EM - Piazza San Paolo, 14 - 12051 ALBA (CN) (non commercial uses only) ® Copyright 2017 | ||
| 520 | _aCONSIGLI DI VITA CONIUGALE. IL PRIMO ANNO DI MATRIMONIO. L'AMORE È CIECO, GLI SPOSI NO. AMORE E RAGIONEVOLEZZA. DIFETTI CHE SI ACCORPORANO E BUONE QUALITÀ CHE SI RESPINGONO. URAGANI FUTURI ANNUNCIATI DA PICCOLE NUVOLE. FORME DI EGOISMO. SENSO DEL MATRIMON | ||
| 650 | _aTEOLOGIA PASTORALE | ||
| 942 | _cBK | ||
| 957 | _71 | ||
| 999 |
_a21051 _bNO _g Copie: 1 _c275465 _d275465 |
||